000 01356naa a22003497a 4500
001 BR7405461
003 BR-BrBNA
005 20240918173623.0
007 ta
008 230509b bl.||||| |||| 00| 0 por d
040 _aBR-BrBNA
_bpor
_cBiblioteca Nacional de Agricultura
041 _a(Pt)
072 _aL30; L00
_b6100
_b0120
_b0170
_b8957
_b9600
090 _aL30 BR7405461
100 1 _aCosta, P.T.C.
100 1 _aPeischel, A.
100 1 _aStiles, D.
111 1 _a11. Reuniao da Sociedade Brasileira de Zootecnia
_cFortaleza, CE (Brazil)
_d22 Jul 1974
245 1 _aAvaliacao de milho x sorgo com e sem farinha de peixe em dietas de poedeiras industriais [Zea mays; Sorghum spp; Galinha para postura; Ovo]
260 3 _aFortaleza, CE (Brasil):
_bUniversidade Federal do Ceara,
_c1974.
500 _aAnais da 11. Reuniao da Sociedade Brasileira de Zootecnia Fortaleza, CE (Brasil): Universidade Federal do Ceara, 1974. p. 205-206 (BR7405461-AM)L30
650 _aNutricao animal
650 _aProducao animal
650 _aGalinha para postura
650 _aMilho
650 _aSorgo
650 _aFarinha de peixe
650 _aOvo
773 0 _tAnais da 11. Reuniao da Sociedade Brasileira de Zootecnia
_wL30 BR7405461
_gFortaleza, CE (Brasil), 1974. p. 205-206
909 _a202404
_bLucia
_c55
_dLucia Elande
942 _cAM
_2AGRIS
999 _c305797
_d305797